Rozvoj pedagogicko-didaktických kompetencií učiteľov odborných predmetov pomocou mikroedukatívnych analýz = Development of pedagogic-didactical competence of the teachers of profesional subjects through microeducation analysis : Dizertačná práca

Salvato in:
Dettagli Bibliografici
Autore principale: Balažovjech, Michal, 1983- (Autore)
Altri autori: Bajtoš, Ján (Relatore della tesi)
Natura: Manoscritto Libro
Lingua:slovacco
Pubblicazione: Trnava : STU v Bratislave MTF, 2010
Soggetti:
Tags: Aggiungi Tag
Nessun Tag, puoi essere il primo ad aggiungerne!!

MARC

LEADER 00000ntm a22000003a 4500
001 stu220353
005 20171005152158.9
008 110124s2010----xo------------------slo-d
040 |a STU  |b slo 
041 0 |a slo 
044 |a xo 
100 1 |a Balažovjech, Michal,  |d 1983-  |4 aut  |u M220  |U MTF Ústav inžinierskej pedagogiky a humatitných vied  |T MTF Katedra inžinierskej pedagogiky a psychológie  |X 27517  |U M220  |Y M220  |7 A000027517 
245 1 |a Rozvoj pedagogicko-didaktických kompetencií učiteľov odborných predmetov pomocou mikroedukatívnych analýz = Development of pedagogic-didactical competence of the teachers of profesional subjects through microeducation analysis :  |b Dizertačná práca 
260 |a Trnava :  |b STU v Bratislave MTF,  |c 2010 
300 |a 138 s  |c príl 
500 |a Študijný program: didaktika technických profesijných predmetov 
500 |a Číslo a názov študijného odboru: 1.1.10 odborová didaktika 
650 7 |a mikrovyučovanie  |2 stusub 
650 7 |a pedagogická prax  |2 stusub 
700 1 |a Bajtoš, Ján  |4 ths 
996 |b 284M079095  |c M*DzP-150  |l MMSKP  |s P  |a 0  |w stu220353_0001